| Registos Bibliográficos associados ao registo de autoridade |
|
Etiqueta de registo: 00254nam 2200025 450 001 2266079 003 http://id.bnportugal.gov.pt/bib/catbnp/2266079 010 ## $a978-989-693-191-9 021 ## $aPT$b549206/25 100 ## $a20260212d2025 m y0pory01030103ba 101 0# $apor 102 ## $aPT 105 ## $aa z 000yy 106 ## $ar 200 1# $aDelinquência juvenil$eteoria, práticas e avaliação$fcoord. Margarida A. Santos, Carla Sofia Cardoso, Gilda Santos 205 ## $a1ª ed 210 #9 $aLisboa$cPactor,$d2025 215 ## $a377, [1] p.$cil$d24 cm 606 ## $aDelinquência juvenil$2SIPOR$3151807 675 ## $a343.9-053.6(042)$vBN$zpor$31399941 675 ## $a316.346-053.6(042)$vBN$zpor$31992192 675 ## $a316.62-053.6(042)$vBN$zpor$31992191 675 ## $a364-7-053.6(042)$vBN$zpor$31627974 702 #1 $92$aSantos,$bMargarida A.$4340$31991895 702 #1 $96$aCardoso,$bCarla$4340$31922912 702 #1 $93$aSantos,$bGilda$4340$31922909 801 #0 $aPT$bBN$gRPC 856 41 $uhttp://rnod.bnportugal.gov.pt/ImagesBN/winlibimg.aspx?skey=&doc=2266079&img=220633&save=true 900 ## $aBIBNAC$d20260331 966 ## $lBN$mFGMON$sS.C. 168774 V.$x1 966 ## $lBN$mFGMON$sS.C. 168774 V.-D$x1 971 ## $cisantos$d20260212 972 ## $e0$z0$d20260331$vlrevez 973 ## $csteixeira$d20260317 974 ## $e0$d20260323$vrsimoes
|
|
|